000 00315nam a2200133Ia 4500
008 240624s9999 xx 000 0 und d
041 _aeng
082 _a828 DAS
100 _aDAS GURCHARAN
245 _aINDIA GROWS AT NIGHT
260 _c2012
_aNew Delhi
_bPenguin
300 _a308 : p. : cm. ; 20
365 _cRS
999 _c28056
_d28056